[Event "St Chely d'Aubrac op 10th"]
[Site "St Chely d'Aubrac"]
[Date "2010.07.13"]
[Round "5"]
[White "Grange, Laurent"]
[Black "Tassetti, Florent"]
[Result "0-1"]
[WhiteElo "1513"]
[BlackElo "1676"]
[PlyCount "40"]
[EventDate "2010.07.10"]
[EventType "swiss"]
[EventRounds "9"]
[EventCountry "FRA"]
[SourceTitle "CBM 137 Extra"]
[Source "ChessBase"]
[SourceDate "2010.09.01"]
[SourceVersion "1"]
[SourceVersionDate "2010.09.01"]
[SourceQuality "1"]

1. e4 e5 2. Nf3 Nc6 3. Bb5 a6 4. Bxc6 dxc6 5. 0-0 f6 6. d4 exd4 7. Qxd4 Bg4 8. Qxd8+ Rxd8 9. Nbd2 Bd6 10. Ne1 Be2 11. Nd3 Bxf1 12. Kxf1 Ne7 13. Nf3 Ng6 14. Be3 Ne5 15. Nd4 Nxd3 16. cxd3 Kf7 17. Rc1 Be5 18. Rc4 Bxd4 19. Rxd4 Rxd4 20. Bxd4 Rd8 0-1